|
|
|
|
| LEADER |
00000nam a2200000 a 4500 |
| 001 |
vtls001113538 |
| 003 |
SK-MaSNL |
| 005 |
20260302064300.0 |
| 008 |
250414s1978 xo slo |
| 015 |
|
|
|a SNBA1979
|
| 035 |
|
|
|a SNK000056381
|
| 035 |
|
|
|a urn:nbn:sk:snk-am3h4uu
|
| 035 |
|
|
|a urn:nbn:sk:snk-am00cnlw
|
| 035 |
|
|
|a E06407AF-DCDD-4E83-A738-093B5DAF33D9
|
| 040 |
|
|
|a SNK
|b slo
|c SNK
|e AACR2
|
| 041 |
0 |
|
|a slo
|
| 044 |
|
|
|a xo
|c SK
|
| 080 |
|
|
|a 885.4-3
|2 1981
|
| 080 |
|
|
|a 82
|2 1981
|
| 080 |
|
|
|a 92
|2 1981
|
| 080 |
|
|
|a 885.4
|2 1981
|
| 100 |
1 |
|
|a Štrelinger, Peter,
|d 1946-
|4 aut
|9 90824
|
| 245 |
1 |
0 |
|a Kto proti osudu 2
|c Peter Štrelinger ; Emil Bačík, Igor Imro, Timrava-o nej, Božena pozri Timrava Slančíková, Janko-o ňom Jesenský, Jozef Gregor-o ňom Tajovský, Ľudmila-o nej Podjavorinská, Ivan-o ňom Krasko, Štefan-o ňom Krčméry, Martin-o ňom Rázus, Ján-o ňom Červeň, Gejza-o ňom Vámoš, Ľudo-o ňom Ondrejov, František-o ňom Švantner, Peter-o ňom Jilemnický, Rudolf-o ňom Jašík, František-o ňom Hečko
|
| 250 |
|
|
|a 1. vyd.
|
| 260 |
|
|
|a Bratislava
|b Tatran
|c 1978
|e Žilina
|f Pravda
|
| 300 |
|
|
|a 299 s., 15,62 AH
|c 21 cm
|
| 366 |
|
|
|e 5500 výtl.
|
| 490 |
1 |
|
|a Hviezdoslavova knižnica
|v Zv. 259.
|
| 500 |
|
|
|a Lit. 47. Rozlož. tit. list. Faksim. autogramov na predsádkach. 47 zázn. lit. o knihách, čas. a zbor. v jaz. slov.
|
| 700 |
1 |
|
|a Bačík, Emil,
|d 1929-1999
|4 [ADC]
|9 107905
|
| 700 |
1 |
|
|a Imro, Igor,
|d 1943-
|4 [ADC]
|9 86339
|
| 700 |
0 |
|
|a Timrava,
|d 1867-1951
|4 oth
|9 37213
|
| 700 |
1 |
|
|a Jesenský, Janko,
|d 1874-1945
|4 oth
|9 185488
|
| 700 |
1 |
|
|a Tajovský, Jozef Gregor,
|d 1874-1940
|4 oth
|9 37212
|
| 700 |
1 |
|
|a Podjavorinská, Ľudmila,
|d 1872-1951
|4 oth
|9 91301
|
| 700 |
1 |
|
|a Krasko, Ivan,
|d 1876-1958
|4 oth
|9 85685
|
| 700 |
1 |
|
|a Krčméry, Štefan,
|d 1892-1955
|4 oth
|9 5358
|
| 700 |
1 |
|
|4 oth
|a Vámoš, Gejza,
|d 1901-1956
|9 110347
|
| 700 |
1 |
|
|a Vámoš, Gejza,
|d 1901-1956
|4 oth
|9 110347
|
| 700 |
1 |
|
|a Ondrejov, Ľudo,
|d 1901-1962
|4 oth
|9 56066
|
| 700 |
1 |
|
|a Švantner, František,
|d 1912-1950
|4 oth
|9 107863
|
| 700 |
1 |
|
|a Jilemnický, Peter,
|d 1901-1949
|4 oth
|9 108039
|
| 700 |
1 |
|
|a Jašík, Rudolf,
|d 1919-1960
|4 oth
|9 108040
|
| 700 |
1 |
|
|a Hečko, František,
|d 1905-1960
|4 oth
|9 106870
|
| 852 |
|
|
|a Slovenská národná knižnica
|
| 954 |
|
|
|a poviedky biografické
|a prózy biografické
|a literatúra faktu
|
| 954 |
|
|
|a literatúra slovenská
|a spisovatelia slovenskí
|a biografistika literárna
|
| 958 |
|
|
|a [NB47]
|
| 958 |
|
|
|a LX
|
| 958 |
|
|
|a NB
|
| 958 |
|
|
|a TL
|
| 958 |
|
|
|a OND
|
| 999 |
|
|
|c 1136810
|d 1138740
|
| 952 |
|
|
|t P60, <03>, [BOOK], {603}
|a SNK
|b SNK
|y PREZ
|7 0
|p 17A0140321
|o snkSD 46397/2
|0 0
|1 0
|4 0
|d 1998-05-19
|f 1
|l 0
|r 2004-12-31 00:00:00
|w 2026-02-24
|